| 000 | 00418nam a22001337a 4500 | ||
|---|---|---|---|
| 003 | OSt | ||
| 005 | 20260324105412.0 | ||
| 008 | 211112b ||||| |||| 00| 0 eng d | ||
| 040 | _cAIMIT LIBRARY | ||
| 100 |
_aDsouza, Glevita Lennie; Rebello, Santhosh. _d181719 _910294 |
||
| 245 | _aCode Improvement Commission / | ||
| 260 |
_aMangalore Infotech solutions Pvt Ltd. Mangalore _bSanthosh Rebello _c2021 |
||
| 942 |
_2ddc _cPRO |
||
| 999 |
_c220543 _d220543 |
||